საუკუნის ერთი დღე : (ბიბ.ჩანაწერი № 40821)
[ მარტივი ფორმატი ]
| 000 -ლიდერი | |
|---|---|
| ფიქსირებული სიგრძის საკონტროლო ველი | 00975nam a2200229Ia 4500 |
| 001 - საკონტროლო ნომერი | |
| საკონტროლო ველი | 7461 |
| 003 - საკონტროლო ნომრის იდენტიფიკატორი | |
| საკონტროლო ველი | GE_BSU |
| 005 - ბოლო ოპერაციის თარიღი და დრო | |
| საკონტროლო ველი | 20231214112209.0 |
| 008 - ფიქსირებული სიგრძის მონაცემთა ელემენტები - ზოგადი ინფორმაცია | |
| ფიქსირებული სიგრძის საკონტროლო ველი | 181216s1977||||ge |||||||||||||| ||geo|| |
| 040 ## - კატალოგიზაციის წყარო | |
| Transcribing agency | GE_BSU |
| 041 ## - ენის კოდი | |
| Language code of text/sound track or separate title | geo |
| 080 ## - უნივერსალური ათობითი კლასიფიკაციის ინდექსი | |
| Universal Decimal Classification number | 821.353.1-11 დ-71 |
| 100 ## - მთავარი ჩანაწერი - პიროვნების სახელი | |
| Personal name | დოლბაია, ვაჟა |
| 9 (RLIN) | 20714 |
| 245 ## - ცნობა სათაურის შესახებ | |
| Title | საუკუნის ერთი დღე : |
| Remainder of title | პოემა / |
| Statement of responsibility, etc | ვაჟა დოლბაია ; რედ. მირცა ჯაფარიძე ; მხატვ. სპარტაკ ცინცაძე. |
| 264 ## - წარმოების, გამოცემის, დისტრიბუციის და სხვა ცნობები | |
| გამოცემის, წარმოების, დისტრიბუციის... ადგილი | თბილისი : |
| გამოცემის, წარმოების, დისტრიბუციის... სახელწოდება | მერანი, |
| გამოცემის, წარმოების, დისტრიბუციის... თარიღი | 1977. |
| 300 ## - ფიზიკური აღწერა | |
| Extent | 37 გვ. : |
| Other physical details | ილ.; |
| Dimensions | 16 სმ. |
| 653 ## - INDEX TERM--UNCONTROLLED | |
| Uncontrolled term | პოემა |
| 653 ## - INDEX TERM--UNCONTROLLED | |
| Uncontrolled term | საუკუნის ერთი დღე |
| 700 ## - ADDED ENTRY--PERSONAL NAME | |
| Personal name | ჯაფარიძე, მირცა |
| Relator term | რედაქტორი |
| 9 (RLIN) | 20724 |
| 700 ## - ADDED ENTRY--PERSONAL NAME | |
| Personal name | ცინცაძე, სპარტაკ |
| Relator term | მხატვარი |
| 9 (RLIN) | 4 |
| 942 ## - ADDED ENTRY ELEMENTS (KOHA) | |
| Koha item type | წიგნი |
| Source of classification or shelving scheme | |
| ჩამოწერის სტატუსი | დაკარგული ეგზემპლარის სტატუსი | კლასიფიკაციის წყარო ან თაროზე გაწყობის სქემა | დაზიანების სტატუსი | არ გაიცემა | მუდმივი მდებარეობა (დაცვის ადგილი) | ამჟამინდელი ადგილსამყოფელი | თაროზე განთავსების ადგილი | შეძენის თარიღი | ღირებულება, შესყიდვის ნორმალური ფასი | სრული შენახვის შიფრი | შტრიხკოდი | ბოლო ოპერაციის თარიღი | ეგზემპლარის მიმდევრობითი ნომერი (კეტერი?) | ფასის ძალაში შესვლის თარიღი | ეგზემპლარის სახეობა | საჯარო შენიშვნა |
|---|---|---|---|---|---|---|---|---|---|---|---|---|---|---|---|---|
| ბათუმის შოთა რუსთაველის სახელმწიფო უნივერსიტეტის მთავარი ბიბლიოთეკა | ბათუმის შოთა რუსთაველის სახელმწიფო უნივერსიტეტის მთავარი ბიბლიოთეკა | წიგნსაცავი | 2018-12-17 | 0.30 | 821.353.1-11 დ-71 | 23316 | 2018-12-17 | 23316 | 2018-12-17 | წიგნი | 0.30 ₾. | |||||
| ბათუმის შოთა რუსთაველის სახელმწიფო უნივერსიტეტის მთავარი ბიბლიოთეკა | ბათუმის შოთა რუსთაველის სახელმწიფო უნივერსიტეტის მთავარი ბიბლიოთეკა | წიგნსაცავი | 2018-12-17 | 0.30 | 821.353.1-11 დ-71 | 23317 | 2018-12-17 | 23317 | 2018-12-17 | წიგნი | 0.30 ₾. | |||||
| ბათუმის შოთა რუსთაველის სახელმწიფო უნივერსიტეტის მთავარი ბიბლიოთეკა | ბათუმის შოთა რუსთაველის სახელმწიფო უნივერსიტეტის მთავარი ბიბლიოთეკა | წიგნსაცავი | 2018-12-17 | 0.30 | 821.353.1-11 დ-71 | 23318 | 2018-12-17 | 23318 | 2018-12-17 | წიგნი | 0.30 ₾. | |||||
| ბათუმის შოთა რუსთაველის სახელმწიფო უნივერსიტეტის მთავარი ბიბლიოთეკა | ბათუმის შოთა რუსთაველის სახელმწიფო უნივერსიტეტის მთავარი ბიბლიოთეკა | წიგნსაცავი | 2018-12-17 | 0.30 | 821.353.1-11 დ-71 | 23319 | 2018-12-17 | 23319 | 2018-12-17 | წიგნი | 0.30 ₾. | |||||
| ბათუმის შოთა რუსთაველის სახელმწიფო უნივერსიტეტის მთავარი ბიბლიოთეკა | ბათუმის შოთა რუსთაველის სახელმწიფო უნივერსიტეტის მთავარი ბიბლიოთეკა | წიგნსაცავი | 2018-12-17 | 0.30 | 821.353.1-11 დ-71 | 23320 | 2018-12-17 | 23320 | 2018-12-17 | წიგნი | 0.30 ₾. | |||||
| ბათუმის შოთა რუსთაველის სახელმწიფო უნივერსიტეტის მთავარი ბიბლიოთეკა | ბათუმის შოთა რუსთაველის სახელმწიფო უნივერსიტეტის მთავარი ბიბლიოთეკა | წიგნსაცავი | 2018-12-17 | 0.30 | 821.353.1-11 დ-71 | 23321 | 2018-12-17 | 23321 | 2018-12-17 | წიგნი | 0.30 ₾. |
